| 000 | 00503nam a22001457a 4500 | ||
|---|---|---|---|
| 020 | _a9781119038429 | ||
| 040 | _cNUST | ||
| 082 | _a621.3824 CHE | ||
| 100 |
_aChen, Yikai, _9103936 |
||
| 110 |
_aWang, Chao-Fu _9103937 |
||
| 245 |
_aCharacteristic Modes: _bTheory and Applications in Antenna Engineering |
||
| 260 |
_aHoboken: _bJohn Wiley and Sons, _c2015. |
||
| 650 |
_aAntennas (Electronics).Characteristic Modes-Theory and Applications in Antenna Engineering.NUSTTB2022 _9104116 |
||
| 942 |
_2ddc _cBK |
||
| 999 |
_c592563 _d592563 |
||